000 00876cam a22002174a 4500
005 20250605164240.0
008 250528s ||||||||||||||||||||||||d
035 _a21310
020 _a9781449672843
040 _aGR-AtMCL
_bgre
_dGR-AtMCL
_eAACR2
245 1 _aComputer Science Illuminated / Fifth Edition
250 _a5th
260 _bJones And Bartlett Learning,
_c2013
300 _a672
520 _aAn engaging Breadth-first Overview of Computer Science Principles and a solid foundation for those continuing their study in this dynamic and exciting discipline. Laying the Groundwork, The Information Layer, The Hardware Layer, The Programming Layer, The Operating Systems Layer, The Applications Layer, The Communications Layer, In Conclusion.
700 1 _aDale Nell
_94440
700 1 _aLewis John
_93155
942 _cBK
999 _c6375
_d6375